Tiếng Việt văn Việt người Việt

Tuyển tập các bài viết về các vấn đề liên quan đến ngôn ngữ, văn học và văn hoá Việt Nam: những tri thức & kỹ năng về tiếng Việt cần được dạy và học ở trường phổ thông, "Hán Việt" và "Thuần Việt", chữ Quốc ngữ, ngữ pháp tiếng Việt, ngôn ngữ học và việc tìm hiểu tư duy và văn...

Full description

Saved in:
Bibliographic Details
Main Author: Cao Xuân Hạo (Tác giả)
Format: Book
Language:Vietnamese
Published: Tp.HCM Trẻ 2003
Edition:in lần thứ 3
Subjects:
Tags: Add Tag
No Tags, Be the first to tag this record!
Institutions: Mạng thư viện Đại học Đà Nẵng
LEADER 01579nam a2200373 4500
001 000007868
003 4038
005 20120528140507.0
008 111012s2003 viesd
020 |c 41000đ 
041 0 |a vie 
082 |a 495.922  |b CA-H 
100 0 |a Cao Xuân Hạo 
245 0 |a Tiếng Việt văn Việt người Việt  |c Cao Xuân Hạo 
250 |a in lần thứ 3 
260 |a Tp.HCM  |b Trẻ  |c 2003 
300 |a 406tr.  |c 20cm 
520 |a Tuyển tập các bài viết về các vấn đề liên quan đến ngôn ngữ, văn học và văn hoá Việt Nam: những tri thức & kỹ năng về tiếng Việt cần được dạy và học ở trường phổ thông, "Hán Việt" và "Thuần Việt", chữ Quốc ngữ, ngữ pháp tiếng Việt, ngôn ngữ học và việc tìm hiểu tư duy và văn hoá Việt Nam, văn hoá trong cách xưng hô của người Việt.. 
653 |a Văn học 
653 |a Văn hóa 
653 |a Việt Nam 
653 |a Tiếng Việt 
700 |a Cao Xuân Hạo  |e Tác giả 
910 |a Lê Thị Hoài Thanh  |d 12/10/2011 
OWN |a LSP 
AVA |a UDN50  |b LSP  |d 495.922 CA-H  |e available  |t Error 5001 Not defined in file expand_doc_bib_avail.  |f 10  |g 0  |h N  |i 0  |k 1 
999 |a From the UDN01 
AVA |a UDN50  |b LSP  |d 495.922 CA-H  |e available  |t Error 5001 Not defined in file expand_doc_bib_avail.  |f 10  |g 0  |h N  |i 0  |k 1 
TYP |a Monograph 
TYP |a Printed language 
980 |a Mạng thư viện Đại học Đà Nẵng